Statistics for Countries with 5 Letters - One Minute Sprint

Click here to take the quiz!

General Stats

  • This quiz has been taken 150 times
  • The average score is 12 of 24

Answer Stats

Country% Correct
China
71%
India
68%
Spain
67%
Japan
67%
Italy
65%
Chile
64%
Egypt
58%
Yemen
56%
Ghana
55%
Libya
52%
Tonga
52%
Benin
51%
Nauru
49%
Palau
49%
Sudan
48%
Samoa
46%
Nepal
44%
Niger
44%
Kenya
43%
Haiti
43%
Qatar
39%
Gabon
39%
Malta
35%
Syria
33%

Score Distribution

Percentile by Number Answered

Percent of People with Each Score

Your Score History

You have not taken this quiz